[Event "HUN-chT U18"]
[Site "Miskolc"]
[Date "2010.11.02"]
[Round "1.17"]
[White "Diczko, Zsombor"]
[Black "Racz, Mate"]
[Result "0-1"]
[WhiteElo "1813"]
[BlackElo "1656"]
[PlyCount "88"]
[EventDate "2010.11.02"]
[EventType "team-swiss"]
[EventRounds "8"]
[EventCountry "HUN"]
[SourceTitle "EXT 2016"]
[Source "ChessBase"]
[SourceDate "2015.10.08"]
[SourceVersion "1"]
[SourceVersionDate "2015.10.08"]
[SourceQuality "1"]

1. e4 e5 2. Nf3 Nc6 3. Bc4 Bc5 4. c3 Nf6 5. d3 d6 6. Nbd2 Bg4 7. Bb3 0-0 8. Nf1 h6 9. Ng3 Qe8 10. h3 Be6 11. 0-0 Bb6 12. Qe2 Na5 13. Bc2 Nc6 14. Nh4 Qe7 15. Nhf5 Qd7 16. Qf3 Bxf5 17. Nxf5 Qe6 18. Bb3 Qd7 19. Nxh6+ Kh7 20. Qf5+ Qxf5 21. Nxf5 g6 22. Ng3 Kg7 23. Be3 Rad8 24. Rad1 d5 25. Bxb6 axb6 26. Rfe1 Rfe8 27. f3 b5 28. a4 b4 29. Bxd5 Nxd5 30. exd5 Rxd5 31. c4 Rd4 32. Ne2 Rd7 33. Nf4 Red8 34. Nd5 f6 35. Kf2 Na5 36. Nxb4 Nxc4 37. b3 Nb2 38. Rc1 Rd4 39. Rxc7+ Kf8 40. Rxb7 Rxb4 41. Rxb4 Nxd3+ 42. Ke2 Nxb4 43. Rc1 Nd3 44. Rc6 f5 0-1

[Event "HUN-chT U18"]
[Site "Miskolc"]
[Date "2009.10.27"]
[Round "2.12"]
[White "Racz, Mate"]
[Black "Acs, Petra"]
[Result "1-0"]
[WhiteElo "1619"]
[BlackElo "1706"]
[PlyCount "91"]
[EventDate "2009.10.26"]
[EventType "team-swiss"]
[EventRounds "8"]
[EventCountry "HUN"]
[SourceTitle "EXT 2016"]
[Source "ChessBase"]
[SourceDate "2015.10.08"]
[SourceVersion "1"]
[SourceVersionDate "2015.10.08"]
[SourceQuality "1"]

1. d4 d5 2. Nf3 Nf6 3. Bf4 Bf5 4. e3 a6 5. c4 e6 6. Qb3 b6 7. Nc3 Be7 8. Be2 0-0 9. 0-0 Nc6 10. Ne5 Nxe5 11. Bxe5 dxc4 12. Qxc4 Bd6 13. Bxf6 Qxf6 14. Bf3 Qh6 15. g3 Ra7 16. e4 Bg6 17. e5 Be7 18. a4 Bf5 19. b4 Qg6 20. Rfd1 Rc8 21. b5 a5 22. d5 Rd8 23. dxe6 Rxd1+ 24. Rxd1 Bxe6 25. Qc6 Kf8 26. Nd5 Bxd5 27. Bxd5 Qxc6 28. Bxc6 f6 29. exf6 Bxf6 30. Kg2 Ke7 31. f4 h6 32. g4 Ke6 33. Kg3 Ke7 34. h4 Kf7 35. g5 hxg5 36. hxg5 Bc3 37. Kg4 Bb2 38. Rd7+ Kf8 39. Kh5 Bc1 40. f5 Bb2 41. Kg6 Bc1 42. Rf7+ Kg8 43. Rxg7+ Kf8 44. Rd7 Bb2 45. f6 Kg8 46. Rd8# 1-0